I THINK THEREFORE I PLAY / (Record no. 181684)
[ view plain ]
| 000 -LEADER | |
|---|---|
| fixed length control field | 01018nam a22002771i 4500 |
| 005 - DATE AND TIME OF LATEST TRANSACTION | |
| control field | 20210201091235.0 |
| 008 - FIXED-LENGTH DATA ELEMENTS--GENERAL INFORMATION | |
| fixed length control field | 210201s2014 -uko|||g ||| 001 0beng d |
| 020 ## - INTERNATIONAL STANDARD BOOK NUMBER | |
| International Standard Book Number | 9781909430167 |
| Terms of availability | RM 76.79 |
| Qualifying information | paperback |
| 040 ## - CATALOGING SOURCE | |
| Original cataloging agency | PPAK |
| Language of cataloging | eng |
| Transcribing agency | PPAK |
| Description conventions | rda |
| 082 04 - DEWEY DECIMAL CLASSIFICATION NUMBER | |
| Edition number | 23 |
| Classification number | 796.334092 |
| 090 00 - LOCALLY ASSIGNED LC-TYPE CALL NUMBER (OCLC); LOCAL CALL NUMBER (RLIN) | |
| Classification number (OCLC) (R) ; Classification number, CALL (RLIN) (NR) | 796.334092 |
| Feature heading | AND |
| Feature heading | G |
| 100 1# - MAIN ENTRY--PERSONAL NAME | |
| Personal name | Andrea Pirlo, |
| Dates associated with a name | 1979-, |
| Relator term | author. |
| 240 10 - UNIFORM TITLE | |
| Uniform title | Penso quindi gioco. |
| Language of a work | English |
| 245 10 - TITLE STATEMENT | |
| Title | I THINK THEREFORE I PLAY / |
| Statement of responsibility, etc. | ANDREA PIRLO WITH ALESSANDRO ALCIATO ; translated from the Italian by Mark Palmer |
| 264 #1 - PRODUCTION, PUBLICATION, DISTRIBUTION, MANUFACTURE, AND COPYRIGHT NOTICE | |
| Place of production, publication, distribution, manufacture | United Kingdom : |
| Name of producer, publisher, distributor, manufacturer | BackPage Press, |
| Date of production, publication, distribution, manufacture, or copyright notice | 2014 |
| 300 ## - PHYSICAL DESCRIPTION | |
| Extent | viii, 157 pages, 16 unnumered pages of plates : |
| Other physical details | illustrations (colour) ; |
| Dimensions | 20 cm. |
| 336 ## - CONTENT TYPE | |
| Source | rdacontent |
| Content type term | text |
| 337 ## - MEDIA TYPE | |
| Source | rdamedia |
| Media type term | unmediated |
| 338 ## - CARRIER TYPE | |
| Source | rdacarrier |
| Carrier type term | volume |
| 500 ## - GENERAL NOTE | |
| General note | Includes index. |
| 600 #0 - SUBJECT ADDED ENTRY--PERSONAL NAME | |
| Personal name | Pirlo, Andrea, |
| Dates associated with a name | 1979- |
| 650 10 - SUBJECT ADDED ENTRY--TOPICAL TERM | |
| Topical term or geographic name entry element | Soccer players |
| Geographic subdivision | Italy |
| Form subdivision | Biography. |
| 700 1# - ADDED ENTRY--PERSONAL NAME | |
| Personal name | Alciato, Alessandro, |
| Dates associated with a name | 1977-, |
| Relator term | author. |
| Personal name | Palmer, Mark, |
| Relator term | translator. |
| 942 ## - ADDED ENTRY ELEMENTS (KOHA) | |
| Source of classification or shelving scheme | Dewey Decimal Classification |
| Koha item type | Book |
| Withdrawn | Not for loan | Current library | Shelving location | Date acquired | Full call number | Barcode | Date last seen | Koha item type | Total Checkouts | Total Renewals | Date last checked out |
|---|---|---|---|---|---|---|---|---|---|---|---|
| Perpustakaan Alor Setar | Pinjaman Dewasa | 14/02/2021 | 796.334092 AND | A01675041 | 14/02/2021 | Book | |||||
| Perpustakaan Awam Sungai Petani | Pinjaman Dewasa | 14/02/2021 | 796.334092 AND | A01675042 | 12/05/2026 | Book | 1 | 1 | 30/03/2026 | ||
| Perpustakaan Baling | Pinjaman Dewasa | 14/02/2021 | 796.334092 AND | A01675044 | 14/02/2021 | Book | |||||
| Perpustakaan Bandar Baharu | Pinjaman Dewasa | 14/02/2021 | 796.334092 AND | A01675045 | 14/02/2021 | Book | |||||
| Perpustakaan Kulim | Pinjaman Dewasa | 14/02/2021 | 796.334092 AND | A01675043 | 14/02/2021 | Book |